000 00520cam a2200181 4500
020 _a0834802252
040 _cWaU-L
082 _a495 J.W 1989 A022 Or.
100 1 _aO'Neill, P. G.
245 1 0 _aJapanese names :
_ba comprehensive index by characters and readings /
250 _a1st pbk. ed.
260 _aNew York :
_bJ. Weatherhill,
_c1989.
300 _axix, 359 p. ;
_c19 cm.
500 _aEnglish and Japanese.
500 _aHalf-title: Nihon jinmei chimei jiten.
650 0 _aNames, Personal
942 _cEK
999 _c12692
_d12692